Praẏojanīẏa gopana kathā / (Record no. 66361)

MARC details
000 -LEADER
fixed length control field 00602cam a22002174a 4500
001 - CONTROL NUMBER
control field sa 65009696
003 - CONTROL NUMBER IDENTIFIER
control field DLC
005 - DATE AND TIME OF LATEST TRANSACTION
control field 20260227112203.0
008 - FIXED-LENGTH DATA ELEMENTS--GENERAL INFORMATION
fixed length control field 941020s1963 bg a 000 0 beno
010 ## - LIBRARY OF CONGRESS CONTROL NUMBER
LC control number sa 65009696
025 ## - OVERSEAS ACQUISITION NUMBER
Overseas acquisition number PL480:EP-B-846
035 ## - SYSTEM CONTROL NUMBER
System control number (OCoLC)31322403
040 ## - CATALOGING SOURCE
Original cataloging agency DLC
Transcribing agency DLC
050 00 - LIBRARY OF CONGRESS CALL NUMBER
Classification number HQ46
Item number .J38 1963
100 0# - MAIN ENTRY--PERSONAL NAME
Personal name Jasīma Uddīna.
245 10 - TITLE STATEMENT
Title Praẏojanīẏa gopana kathā /
Statement of responsibility, etc. Jasima Uddīna.
260 ## - PUBLICATION, DISTRIBUTION, ETC.
Place of publication, distribution, etc. Ḍhāka :
Name of publisher, distributor, etc. Bula Bula Sāhitya Kuṭira,
Date of publication, distribution, etc. 1963.
300 ## - PHYSICAL DESCRIPTION
Extent 144 p. :
Other physical details ill. ;
Dimensions 19 cm.
546 ## - LANGUAGE NOTE
Language note In Bengali.
650 #0 - SUBJECT ADDED ENTRY--TOPICAL TERM
Topical term or geographic name entry element Sex instruction for women.

No items available.

Powered by Koha